| 000 | 00364pam a2200157a 44500 | ||
|---|---|---|---|
| 008 | 230515b2010 xxu||||| |||| 00| 0 eng d | ||
| 020 | _aNULL | ||
| 041 | _aENGLISH | ||
| 082 | _a665.5.3 MCK | ||
| 100 | _aMCKETTA JOHN J. | ||
| 245 | _aCHEMICAL PROCESSINNG HANDBOOK | ||
| 250 | _a1993 | ||
| 260 |
_a _bMAECEL DEKKER _c2010 |
||
| 300 | _aXV-972 | ||
| 650 | _aNULL | ||
| 999 |
_c637283 _d637283 |
||